LEADER 01023nam0 2200241 450 001 000006925 005 20060329145419.0 010 $a88-14-10465-4 100 $a20060329d2003----km-y0itay50------ba 101 0 $aita 102 $aIT 105 $ay-------001yy 200 1 $a<>analisi di impatto della regolamentazione (AIR) e l'analisi tecnico-normativa (ATN) nell'attività normativa del governo$eatti del Seminario di studi su L'attività normativa del Governo: profili procedurali e organizzativi svoltosi a Pisa il 10 giugno 2002$fa cura di Elisabetta Catelani, Emanuele Rossi 210 $aMilano$cGiuffrè$d2003 215 $aVI, 349 p.$d24 cm 676 $a342.4505$v20 702 1$aCatelani,$bElisabetta 702 1$aRossi,$bEmanuele 801 0$aIT$bUNIPARTHENOPE$c20060329$gRICA$2UNIMARC 912 $a000006925 951 $aF-0057$b37969$cNAVA3 996 $aAnalisi di impatto della regolamentazione (AIR) e l'analisi tecnico-normativa (ATN) nell'attività normativa del governo$91205458 997 $aUNIPARTHENOPE LEADER 01751nam 2200433 n 450 001 996390909603316 005 20221108044852.0 035 $a(CKB)1000000000659292 035 $a(EEBO)2240864334 035 $a(UnM)99830980 035 $a(UnM)9928165900971 035 $a(EXLCZ)991000000000659292 100 $a19950919d1670 uy | 101 0 $aeng 135 $aurbn||||a|bb| 200 02$aA dictionarie of English and Latine idiomes$b[electronic resource] $ewherein phrases of the English and Latine tongue answering in parallels each to the other are ranked under severall heads alphabeticallie set by William Walker. B:D 210 $aLondon $cprinted for Joseph Clarke at ye Star in Little Britaine$d[1670] 215 $a[18], 560, 557-563, [1] p 300 $aTitle page is engraved and signed: W. Sherwin sculp[illegible]. 300 $aDate of publication from Wing. 300 $aDouble columns of English and Latin. 300 $aText and register are continuous despite pagination. 300 $aCopy tightly bound and print show-through, affecting text. 300 $aReproduction of the original in the British Library. 330 $aeebo-0018 606 $aEnglish language$vDictionaries$xLatin$vEarly works to 1800 606 $aLatin language$xDictionaries$xEnglish$vEarly works to 1800 615 0$aEnglish language$xLatin 615 0$aLatin language$xDictionaries$xEnglish 700 $aWalker$b William$f1623-1684.$01002630 702 $aSherwin$b William$ffl. 1670-1710, 801 0$bCu-RivES 801 1$bCu-RivES 801 2$bCStRLIN 801 2$bWaOLN 906 $aBOOK 912 $a996390909603316 996 $aA dictionarie of English and Latine idiomes$92307510 997 $aUNISA